| 000 | 00761nam a22002535a 4500 | ||
|---|---|---|---|
| 001 | 15484323 | ||
| 003 | OSt | ||
| 005 | 20150827095233.0 | ||
| 008 | 081015m20019999ua 000 0 ara | ||
| 020 | _a9771702130 (v.1) | ||
| 020 | _a9772363542(v.2) | ||
| 040 |
_aDLC _cDLC |
||
| 082 |
_222 _a338.479100962 _bRAA |
||
| 100 | 1 |
_aRaafat, Aly. _94090 |
|
| 245 | 1 | 0 |
_aLeisure Tourism in Egypt / _cwritten by Aly Raafat; Introduction by Mamdouh El Beltagy |
| 260 |
_aGiza : _bInter-Consult Research Center, _c2001-2002. |
||
| 300 |
_a2 parts ; _c24 cm. |
||
| 520 | _aEgypt ; tourism. | ||
| 650 |
_94921 _aTourism _z--Egypt _2BUEsh |
||
| 650 |
_98016 _aLeisure industry _z--Egypt _2BUEsh |
||
| 651 | _2BUEsh | ||
| 942 |
_2ddc _cBB |
||
| 999 |
_c11320 _d11320 |
||